000 01044nam a2200325Ia 4500
001 Z_2898
003 CHAP
008 220113s1993 xx 000 0 und d
010 _a165974
020 _a84-200-0739-0
040 _cCHAP
082 _a636.20892 C48
100 _aChurch, David C.
_922992
240 _aThe ruminant animal: digestive phisyology and nutrition
245 _aEl rumiante : fisiología digestiva y nutrición /
_cD. C. Church; traducción Pedro Ducar Maluenda
260 _aEspaña :
_bAcribia,
_c1993
300 _aix, 641 p.
503 _aej.1: 188982 \ ej.2: fotocopia \ ej.3: 212011 \ ej.4: reposición (172011) \ ej.5: 254322 \ ej.6: 253972 \ ej.7 - ej.11: C/E
504 _aIncluye bibliografía e índice
650 _aDigestión
_932567
650 _aRumiantes
_xAnatomía y fisiología
_9100843
650 _aRumiantes
_xNutrición
_9100847
700 _aDucar Maluenda, Pedro, tr.
901 _a636.20892 C48
902 _aM
910 _a1993
942 _c1
942 _cc1
999 _c165974
_d165974